Je podíl na DPH jako zdroj rozpočtu Evropské unie spravedlivý pro chudší státy?

Charakteristika vlastných zdrojov Európskej únie. Vývoj príjmovej skladby rozpočtu EÚ. Výsledky korelačnej analýzy merajúcej regresívnosť DPH. Prijateľnosť rozpočtu postaveného na DPH pre jednotlivé členské štáty.

Gespeichert in:
Bibliographische Detailangaben
1. Verfasser: König, Petr
Format: Buchkapitel
Sprache:Tschechisch
Schlagworte:
Tags: Tag hinzufügen
Keine Tags, Fügen Sie das erste Tag hinzu!

MARC

LEADER 00000naa$a2200000$$$4500
001 0002799
005 20230927112345.1
041 0 |a cze 
044 |a CZ 
245 1 0 |a Je podíl na DPH jako zdroj rozpočtu Evropské unie spravedlivý pro chudší státy?  |c aut. Petr König 
520 |a Charakteristika vlastných zdrojov Európskej únie. Vývoj príjmovej skladby rozpočtu EÚ. Výsledky korelačnej analýzy merajúcej regresívnosť DPH. Prijateľnosť rozpočtu postaveného na DPH pre jednotlivé členské štáty. 
610 2 0 |a rozpočty 
610 2 0 |a Európska únia 
610 2 0 |a dane z hodnoty pridanej 
610 2 0 |a analýza korelačná 
610 2 0 |a produkt národný hrubý 
610 2 0 |a porovnanie štatistické medzinárodné 
100 1 |a König, Petr